000 00467nam a2200145Ia 4500
008 230917s9999||||xx |||||||||||||| ||und||
040 _e71455
_aMAIN
041 _aEnglish
082 _a942 R192E
100 _aRaumer, Frederick Von
245 0 _aEngland in 1835: a sseries of letters written to friends in Germany during a residence in London and excursions into the provinces, 3v
260 _aShannon
_bIrish University
_c1971
300 _a318 p.
942 _cBK
999 _c195421
_d195421